| 000 | 00448 a2200133 4500 | ||
|---|---|---|---|
| 001 | 87929 | ||
| 082 | _a671.25 PER | ||
| 090 |
_c41399 _d41399 |
||
| 100 | _aPervaiz Habibullah, Dr Engr | ||
| 245 |
_aMould Mechanics and Mechanism of Bonding in sand moulds used for metal casting _bStudy-cum-Research |
||
| 260 |
_aLahore _b[n. p] _c2013 |
||
| 300 | _a140p. Pb | ||
| 520 | _ainterdisciplinary research in metal and material for advance applications | ||
| 942 |
_aCAE NUST _k671.25 PER |
||
| 999 |
_c323002 _d323002 |
||